000 00866nam a2200253Ia 4500
003 OSt
005 20221005112241.0
006 a|||||r|||| 00| 0
007 ta
008 221004b |||||||| |||| 00| 0 pan d
020 _a9788171435098 (hbk)
_c140
024 _a105845
037 _b517, 02/02/2011, H.K. Prakashan
_cTextual
040 _aCRL
_cCRL
_bpan
041 _2pan
_apan
082 _aDelta73, 153Q0
100 _aਹਰਪ੍ਰੀਤ ਰੂਬੀ
245 0 _aਪੰਜਾਬੀ ਸੂਖ਼ੀ ਕਾਵਿ ਰੂਪ
260 _aਅੰਮ੍ਰਿਤਸਰ
_bਰਵੀ ਸਾਹਿਤ ਭਾਰਤ
_c2010
300 _a120ਪੰ
_ccm.
650 _aਅਧਿਆਤਮਵਾਦ
942 _hDelta73, 153Q0
_cTEXL
_2cc
999 _c1024324
_d1024324